1293 1803 1783 1200 1679 1682 1010 1196 1861 1977 1181 1006 1572 1036 1297 1840 1528 1458 1430 1143 1638 1570 1112 1917 1224 1569 1136 1460 1396 1893 1912 1284 1374 1751 1400 1913 1719 1686 1249 1804 1496 1880 1949 1340 1836 1038 1965 1187 1064 1143 1832 1502 1538 1381 1792 1261 1558 1920 1481 1852 1493 1065 1213 1797 1190 1743 1997 1572 1433 1322 1137 1513 1725 1201 1693 1524 1944 1642 1841 1434 1379 1051 1422 1910 1576 1080 1816 1409 1025 1747 1663 1903 1859 1763 1984 1730 1373 1739 1405 BCNSPRNW ULIB Ver.6.0+V

เปลี่ยนเป็นภาษาไทย

Change to English
 แสดงรายละเอียดบรรณานุกรม
  กลับหน้าหลัก

Brief Record : Get Marc (ISO 2709) : E-mail record : QR code < ปิดหน้าต่าง
LEADER : 00000nam 2200000uu 4500
001    13399122231
003     ULIB
008    020711s2549 th a 000 0 tha d
020    9749983157
020    9789749983157
090    นว.^bY11จ
100    Yong Sok-gil
245    เจ้าพ่อเลือดทรนง 2/^cYong Sok-gil เขียน,Muzume แปล
260    กรุงเทพฯ :^bsiam inter books,^c2549
300    474 หน้า
500     มี 2 เล่ม
700    (...no)Muzume,^eแปล
945    ^p295^l0^i019594
999    ^aทศพร
รายการนี้ยังไม่มีแท็ก
คุณยังไม่ได้ล็อกอิน คุณสามารถมีกิจกรรมร่วมกับเว็บไซต์ได้ แต่ต้องล็อกอินก่อน ::
  ล็อกอิน

รายการสื่อสารสนเทศ

ลำดับที่ ประเภท เลขเรียก/บาร์โค้ด สถานที่ สถานะ
1. นวนิยาย
นวนิยาย
นว. Y11จ ฉ.1 
  Barcode: 019594
ห้องสมุดวิทยาเขตสวรรค์ประชารักษ์
►นวนิยาย
บนชั้น
  ขอยืม

รายการใกล้เคียง
    ผู้แต่ง [Yong Sok-gil]

BibComment


ยังไม่เคยถูกคอมเมนท์

คอมเมนท์ทรัพยากรรายการนี้
  คอมเมนท์: เจ้าพ่อเลือดทรนง ..


 Copyright 2026. Bcnsprnw @Library